Záverečná! Zatvárame
Zatváranie brán viacerých pivovarov na Slovensku. Aká je príčina. Koncentrácia výroby a modernizácia v holandskej spoločnosti Heineken. Plány so zatvorenými pivovarmi. Supermarket namiesto pivovaru.
Gespeichert in:
| 1. Verfasser: | |
|---|---|
| Format: | Buchkapitel |
| Sprache: | Slowakisch |
| Schlagworte: | |
| Tags: |
Keine Tags, Fügen Sie das erste Tag hinzu!
|
MARC
| LEADER | 00000naa$a2200000$$$4500 | ||
|---|---|---|---|
| 001 | 0056037 | ||
| 005 | 20231009072056.1 | ||
| 041 | 0 | |a slo | |
| 044 | |a SK | ||
| 245 | 1 | 0 | |a Záverečná! Zatvárame |c Jozef Ryník |
| 520 | |a Zatváranie brán viacerých pivovarov na Slovensku. Aká je príčina. Koncentrácia výroby a modernizácia v holandskej spoločnosti Heineken. Plány so zatvorenými pivovarmi. Supermarket namiesto pivovaru. | ||
| 610 | 2 | 0 | |a pivovary |
| 610 | 2 | 0 | |a pivo |
| 610 | 2 | 0 | |a produkcia |
| 610 | 2 | 0 | |a spotreba |
| 610 | 2 | 0 | |a konkurencia |
| 610 | 2 | 0 | |a projekty |
| 610 | 2 | 0 | |a Slovensko |
| 100 | 1 | |a Ryník, Jozef | |